000 00520 a2200145 4500
005 20250605161238.0
020 _a978-9987-25-050-5
082 _aLECT 658.04 ESA
111 _aESAURP
245 _aTransforming the informal sector: how to overcome challenges
260 _aDar es Salaam
_bTEMA Publishers company Ltd.,
_c2012.
300 _axiv, 416p.: ill.; chart, graph, picture, table.
_bBibliography,
_c23cm.
700 _aMALIYAMKONO T.L & MASON H. & MUGOYA P. MUTAKYAHWA R. G. & OSORO, N.
942 _2ddc
_cBKS
999 _c3251
_d3251